00394nam a22001457a 4500003000400000005001700004008004100021040000800062082001700070100001700087245005000104260004900154300001100203650003400214OSt20180830122841.0180830b ||||| |||| 00| 0 eng d cDLC a232.9bM323C aMarecek, Lee aCelebrate Jesus In The Feast/cBy Lee Marecek aGeorgia:bBrentwood Christian Press,cc1991. a63 p.: aCelebrations xChristian Life